| 000 | 02676cam a22005174i 4500 | ||
|---|---|---|---|
| 003 | PE-LiUPU | ||
| 005 | 20250731173324.0 | ||
| 008 | 150625s2007 sp rb 000 0 spa d | ||
| 020 | _a9788481697452 | ||
| 035 | _a(Sirsi) i9788481697452 | ||
| 040 |
_aPE-LiUPU _bspa _cPE-LiUPU _erda |
||
| 049 | _aPRUA | ||
| 082 | 0 | 4 |
_a227 _bS51 _221 |
| 100 | 1 |
_aSicre Díaz, José Luis, _eautor. |
|
| 245 | 1 | 0 |
_aHasta los confines de la tierra : _bIII la profecía / _cJosé Luis Sicre Díaz. |
| 264 | 1 |
_aNavarra : _bVerbo Divino, _c2007. |
|
| 300 |
_a426 páginas ; _c21 centímetros |
||
| 336 |
_atext _2rdacontent |
||
| 337 |
_aunmediated _2rdamedia |
||
| 338 |
_avolume _2rdacarrier |
||
| 504 | _aIncluye bibliografía. | ||
| 505 | 0 | _aUna trampa, una sorpresa, un enigma. -Apolo y los doce. -Pablo y Apolo. -Elogio de la locura. -Servidores del evangelio. -El incestuoso y el litigante. -¿Celibato o matrimonio?. -Cuestiones matrimoniales. -Cuestiones matrimoniales. -El ministerio de Onésimo. -Unidad en la diversidad. -La sorpresa. -Tensiones y calumnias. -Un tesoro en vasijas de barro. -Alardeando de necio. -Actividad en Éfeso. -Resurrección de Eutico y despedida en Mileto. -La profecía. -Jerusalén. -Prisión en Cesarea. -Lucila se rebela. -Viaje al confín de la tierra. -Pablo y Jonás. -Pablo y los judíos. -El testamento de Pablo. | |
| 526 | _aSEG42 | ||
| 526 | _aSEG41 | ||
| 526 | _aSEG40 | ||
| 526 | _aSEG39 | ||
| 526 | _aP94 | ||
| 526 | _aP87 | ||
| 526 | _aP86 | ||
| 526 | _aP85 | ||
| 526 | _aP77 | ||
| 526 | _aP76 | ||
| 526 | _aP35 | ||
| 541 | _g006-0034605; | ||
| 541 | _g006-35829; | ||
| 600 | 1 |
_aPablo de Tarso. _d2 a. C. - c. 66 d. C. _xViajes |
|
| 630 |
_aBiblia. _pN.T. _pEpístolas paulinas _vEnsayos. |
||
| 910 |
_bjv _clch _d20080117 |
||
| 942 |
_2ddc _cBOOK |
||
| 949 |
_a227 S51 3 _wDEWEY _c1 _i59036 _lCCODEBUL1 _mBUL _r0 _sY _tBOOK _u2015-6-25 _xTEOLOGIA _zUNKNOWN _0COMPRA _o.STAFF. Colección Teología |
||
| 949 |
_a227 S51 3 _wDEWEY _c2 _i57812 _d2016-11-7 _e2016-11-4 _lCCODEBUL1 _mBUL _n1 _p21.00 _r0 _sY _tBOOK _u2015-6-25 _xTEOLOGIA _zUNKNOWN _0COMPRA _o.STAFF. Colección Teología |
||
| 994 |
_aC0 _bPEPRU |
||
| 596 | _a1 | ||
| 999 |
_a227 S51 3 _wDEWEY _c46809 _i59036 _f2021-11-9 _g5 _lCCODEBUL1 _mBUL _r0 _sY _tBOOK _u2015-6-25 _xTEOLOGIA _zUNKNOWN _0COMPRA _o.STAFF. Colección General _d46809 |
||
| 999 |
_a227 S51 3 _wDEWEY _c2 _i57812 _d2017-11-16 _e2016-11-4 _f2021-11-9 _g5 _lCCODEBUL1 _mBUL _n1 _p21.00 _q1 _r0 _sY _tBOOK _u2015-6-25 _xTEOLOGIA _PP35 _0COMPRA _o.STAFF. Colección Teología |
||
| 980 |
_81 _gALBERTO SANCHEZ Responsable de Automatización |
||